<?xml version="1.0" encoding="UTF-8"?>
<record
    xmlns:xsi="http://www.w3.org/2001/XMLSchema-instance"
    xsi:schemaLocation="http://www.loc.gov/MARC21/slim http://www.loc.gov/standards/marcxml/schema/MARC21slim.xsd"
    xmlns="http://www.loc.gov/MARC21/slim">

  <leader>00404nam a2200145Ia 4500</leader>
  <controlfield tag="008">230411s9999    xx            000 0 und d</controlfield>
  <datafield tag="020" ind1=" " ind2=" ">
    <subfield code="a">81 239 1375 3</subfield>
  </datafield>
  <datafield tag="041" ind1=" " ind2=" ">
    <subfield code="a">eng</subfield>
  </datafield>
  <datafield tag="082" ind1=" " ind2=" ">
    <subfield code="a">AD/610.7/ELS/B05028</subfield>
  </datafield>
  <datafield tag="100" ind1=" " ind2=" ">
    <subfield code="a">Elsa Sanatombi</subfield>
    <subfield code="9">178412</subfield>
  </datafield>
  <datafield tag="245" ind1=" " ind2=" ">
    <subfield code="a">Manipal Manual Of Nursing Education</subfield>
  </datafield>
  <datafield tag="260" ind1=" " ind2=" ">
    <subfield code="b">CBS Publishers &amp; Distributors</subfield>
    <subfield code="a">New Delhi</subfield>
    <subfield code="c">2006</subfield>
  </datafield>
  <datafield tag="300" ind1=" " ind2=" ">
    <subfield code="a">419p</subfield>
  </datafield>
  <datafield tag="999" ind1=" " ind2=" ">
    <subfield code="c">155564</subfield>
    <subfield code="d">155564</subfield>
  </datafield>
  <datafield tag="952" ind1=" " ind2=" ">
    <subfield code="0">0</subfield>
    <subfield code="1">0</subfield>
    <subfield code="4">0</subfield>
    <subfield code="7">0</subfield>
    <subfield code="8">AD</subfield>
    <subfield code="a">BTIN</subfield>
    <subfield code="b">BTIN</subfield>
    <subfield code="d">2008-03-15</subfield>
    <subfield code="e">B.J.Medical Co-oprative College Stores</subfield>
    <subfield code="g">275.00</subfield>
    <subfield code="i">1838</subfield>
    <subfield code="l">4</subfield>
    <subfield code="m">3</subfield>
    <subfield code="o">AD 610.7 ELS B05028</subfield>
    <subfield code="p">BTIN-BK-5028</subfield>
    <subfield code="r">2025-09-23 14:53:54</subfield>
    <subfield code="s">2025-08-26</subfield>
    <subfield code="v">190.00</subfield>
    <subfield code="w">2008-03-15</subfield>
    <subfield code="y">BK</subfield>
    <subfield code="z">B05028</subfield>
  </datafield>
  <datafield tag="952" ind1=" " ind2=" ">
    <subfield code="0">0</subfield>
    <subfield code="1">0</subfield>
    <subfield code="4">0</subfield>
    <subfield code="7">0</subfield>
    <subfield code="8">AD</subfield>
    <subfield code="a">BTIN</subfield>
    <subfield code="b">BTIN</subfield>
    <subfield code="d">2008-03-13</subfield>
    <subfield code="e">B.J.Medical Co-oprative College Stores</subfield>
    <subfield code="g">275.00</subfield>
    <subfield code="i">1838</subfield>
    <subfield code="l">1</subfield>
    <subfield code="o">AD 610.7 ELS B05029</subfield>
    <subfield code="p">BTIN-BK-5029</subfield>
    <subfield code="r">2024-04-10 00:00:00</subfield>
    <subfield code="s">2024-03-08</subfield>
    <subfield code="v">190.00</subfield>
    <subfield code="w">2008-03-15</subfield>
    <subfield code="y">BK</subfield>
    <subfield code="z">B05029</subfield>
  </datafield>
  <datafield tag="952" ind1=" " ind2=" ">
    <subfield code="0">0</subfield>
    <subfield code="1">0</subfield>
    <subfield code="4">0</subfield>
    <subfield code="7">3</subfield>
    <subfield code="8">AD</subfield>
    <subfield code="a">BTIN</subfield>
    <subfield code="b">BTIN</subfield>
    <subfield code="d">2009-02-02</subfield>
    <subfield code="e">CBS Publishers /</subfield>
    <subfield code="g">295.00</subfield>
    <subfield code="i">1838</subfield>
    <subfield code="o">AD 610.7 ELS B05590</subfield>
    <subfield code="p">BTIN-BK-5590</subfield>
    <subfield code="r">2023-04-11 00:00:00</subfield>
    <subfield code="v">221.00</subfield>
    <subfield code="w">2008-03-15</subfield>
    <subfield code="y">BK</subfield>
    <subfield code="z">B05590</subfield>
  </datafield>
</record>
